000 00285nam a22001097a 4500
008 170116b xxu||||| |||| 00| 0 eng d
020 _a0801647924
041 _aeng
080 _23RD
_a618.2
245 _aPRINCIPLES AND PRACTICE OF PSYCHIATRIC NURSING
_cSTUART & SUNDEEN
942 _2udc
_cBK
999 _c2937
_d2937